Los muros de la infamia

Detalles Bibliográficos
Autor principal: Ariza Higuera, Libardo Još
Formato: eBook
Lenguaje:español
Publicado: Bogot:̀ Universidad de Los Andes (Colombia), 2011
Materias:
Acceso en línea:Acceso restringido

MARC

LEADER 00000nam a22000007a 4500
005 20190516234721.0
007 cr|||| ||||
008 190516s2011 co |||||s|||| 00||0 spa d
020 |a 978-958-695-556-0 
035 |a 23352 
040 |a vLex 
090 |c 8733  |d 8733 
100 1 |a Ariza Higuera, Libardo Još 
245 1 3 |a Los muros de la infamia  |h [Recurso electrn̤ico] /  |c Libardo Jos ̌Ariza Higuera 
256 |a Servicio en ln̕ea 
260 |a Bogot:̀  |b Universidad de Los Andes (Colombia),  |c 2011 
300 |a 1 recurso electrn̤ico 
506 1 |a Disponible solo en los productos indicados  |d vLex Global  |d vLex Global (Academic Edition, excluding Law Schools)  |d vLex Global (U.S. Academic Edition, Law Schools)  |d vLex Global (U.S. Academic Edition, excluding Law Schools)  |d vLex Global (Academic Edition, Law Schools) 
650 0 4 |a Derecho Penal  |z Colombia 
740 0 |a vLex Libros (Servicio en ln̕ea) 
856 4 0 |u http://vlex.com/source/muros-infamia-23352  |z Acceso restringido 
942 |c BOOK 
999 0 |a Criminal law